Same-Name Catholic Saints Quiz Stats

Quiz Updated Sep 4, 2016

Challenge
Share
Tweet
Embed
Score 0/20 Timer 05:00
5 Plays Today
Saint Name % Correct
the Baptist, of the Cross, ChrysostomJohn
91.1%
Aquinas, Becket, MoreThomas
90.4%
of Assisi, de Sales, XavierFrancis
90.2%
Magdalene, Magdalene de' Pazzi, MacKillopMary
88.7%
of Calcutta, of Ávila, Benedicta of the CrossTeresa
70.1%
of Arimathea, of Cupertino, CafassoJoseph
65.9%
of Loyola, of Antioch, of LaconiIgnatius
54.9%
of Siena, of Alexandria, LabouréCatherine
52.9%
of Hungary, of Portugal, Ann SetonElizabeth
46.5%
of Padua, the Abbot, Mary ClaretAnthony
46.3%
Saint Name % Correct
of Hippo, of Canterbury, Zhao RongAugustine
44.9%
of Saragossa, de Paul, FerrerVincent
44.3%
of Lima, of Viterbo, Philippine DuchesneRose
36.5%
the Apostle, the Evangelist, NeriPhilip
36.2%
Borromeo, Lwanga, of Mount ArgusCharles
34.9%
of France, de Montfort, of ToulouseLouis
33.4%
Canisius, Damian, ClaverPeter
31.7%
of Scotland, of Cortona, Mary AlacoqueMargaret
26.5%
the Illuminator, of Nyssa, of NazianzusGregory
21.3%
of Nursia, the Moor, Joseph LabreBenedict
19.7%

You're not logged in!

Compare scores with friends on all Sporcle quizzes.
Sign Up with Email
OR
Log In

You Might Also Like...

Show Comments

Extras

Top Quizzes Today


Score Distribution

Your Account Isn't Verified!

In order to create a playlist on Sporcle, you need to verify the email address you used during registration. Go to your Sporcle Settings to finish the process.